Statistics for Clubs With Most Losses In English Premier League

Click here to take the quiz!

General Stats

  • This quiz has been taken 97 times
  • The average score is 9 of 10

Answer Stats

LossesAnswer% Correct
352EVERTON
97%
352WEST HAM UNITED
91%
257MANCHESTER CITY
90%
327NEWCASTLE UNITED
89%
324TOTTENHAM HOTSPUR
88%
333ASTON VILLA
86%
305SOUTHAMPTON
85%
296SUNDERLAND
84%
246LIVERPOOL
84%
250BLACKBURN ROVERS
61%

Score Distribution

Percentile by Number Answered

Percent of People with Each Score

Your Score History

You have not taken this quiz